Trendy vo vzdelávaní študentov študijného programu Aktuárstvo recenzovaný monografický zborník vedeckých prác

Guardado en:
Detalles Bibliográficos
Autor Corporativo: Fakulta hospodárskej informatiky EU. Katedra matematiky a aktuárstva
Otros Autores: Krčová, Ingrid, 1969-, Peller, František, Starečková, Anna
Formato: Libro
Lenguaje:eslovaco
inglés
Publicado: Litomyšl H.R.G. 2023
Edición:1. vydanie
Materias:
Etiquetas: Agregar Etiqueta
Sin Etiquetas, Sea el primero en etiquetar este registro!

MARC

LEADER 00000nam a2200000 4500
001 0297012
005 20240502083957.6
020 |a 978-80-7490-312-0 
041 0 |a slo 
041 0 |a eng 
044 |a CZ 
245 1 0 |a Trendy vo vzdelávaní študentov študijného programu Aktuárstvo  |b recenzovaný monografický zborník vedeckých prác  |c zostavovateľ/Editor: Ingrid Krčová ; recenzenti/Reviewers: František Peller, Anna Starečková 
250 |a 1. vydanie 
264 1 |a Litomyšl  |b H.R.G.  |c 2023 
300 |a 120 s. [5,6 AH] 
610 2 0 |a aktuári 
610 2 0 |a štúdium vysokoškolské 
610 2 0 |a študenti 
610 2 0 |a programy študijné 
610 2 0 |a miera úroková 
610 2 0 |a jazyky programovacie 
610 2 0 |a trh poistný 
610 2 0 |a inteligencia umelá 
610 2 0 |a dlhopisy 
700 1 |a Krčová, Ingrid, 1969- 
700 1 |a Peller, František 
700 1 |a Starečková, Anna 
710 2 |a Fakulta hospodárskej informatiky EU. Katedra matematiky a aktuárstva